Eurovision Song Contest 2021 - Statistics

General Stats
  • This quiz has been taken 118 times
  • The average score is 20 of 39
Answer Stats
# Country Artist/Group Song Title % Correct
2 Azerbaijan Efendi Mata Hari
79%
16 Ukraine Go_A Shum
76%
11 Norway TIX Fallen Angel
74%
1 France Barbara Pravi Voila
74%
2 Italy Måneskin Zitti e buoni
71%
5 Cyprus Elena Tsagrinou El Diablo
69%
13 Russia Manizha Russian Woman
68%
8 Lithuania The Roop Discoteque
64%
10 Iceland Daði og Gagnamagnið 10 Years
63%
7 Finland Blind Channel Dark Side
63%
4 Germany Jendrik I Don't Feel Hate
63%
15 San Marino Senhit Adrenalina
59%
7 Israel Eden Alene Set Me Free
59%
14 Slovenia Ana Soklic Amen
57%
2 Austria Vincent Bueno Amen
57%
9 Greece Stefania Last Dance
57%
12 Moldova Natalia Gordienko Sugar
57%
16 Serbia Hurricane Loco Loco
56%
1 Australia Montaigne Technicolor
55%
6 United Kingdom James Newman Embers
54%
9 Malta Destiny Je me casse
54%
4 Croatia Albania Tick-Tock
53%
17 Switzerland Gjon's Tears Tout l'univers
53%
6 Ireland Lesley Roy Maps
52%
4 Czech Republic Benny Cristo Omaga
48%
15 Sweden Tusse Voices
48%
3 Bulgaria Victoria Growing Up Is Getting Old
46%
3 Belgium Hooverphonic The Wrong Place
46%
14 Portugal The Black Mamba Love Is on My Side
45%
13 Poland Rafal The Ride
43%
12 Romania Roxen Amnesia
38%
8 Georgia Tornike Kipiani You
38%
1 Albania Anxhela Peristeri Karma
33%
3 Netherlands Jeangu Macrooy Birth of a New Age
29%
11 Latvia Samanta Tina The Moon is Rising
29%
6 Estonia Uku Suviste The Lucky One
24%
10 North Macedonia Vasil Here I Stand
23%
5 Spain Blas Canto Voy a quedarme
23%
5 Denmark Fyr og Flamme Øve os på hinanden
17%
No matching quizzes found
Score Distribution
Percent of People with Each Score
Percentile by Number Answered
Your Score History
You have not taken this quiz